00534cam a22002171 4500001001300000003000400013005001700017008004100034010001700075025002000092035002000112040002100132042001200153050002100165100001800186245004300204260001100247300002300258500001800281999001700299sa 65003437 DLC20260227112123.0940606s1964 ii 000 1 malo  asa 65003437  aPL480:I-Mal-573 a(OCoLC)30562601 aDLCcCUdCUdDLC apremarc00aPL4718.9.J64bK31 aJoseph, V. T.10aKanakaṃ viḷayunna tariśubhūmi. c[1964] aii, 192 p.c19 cm. aIn Malayalam. c63156d63156